Oxmo Puccino - Toucher l'horizon - Statistiques

Statistiques générales
  • Ce quiz a été pris 18 fois
  • Le résultat moyen est 173 sur 382
Statistiques - réponses
Réponse % Correct
j'
100%
J'
100%
à
91%
a
91%
d'
91%
de
91%
des
91%
l'
91%
n'
91%
qu'
91%
s'
91%
C'
82%
c'
82%
ça
82%
horizon
82%
la
82%
le
82%
Le
82%
les
82%
m'
82%
M'
82%
ma
82%
Ma
82%
82%
ne
82%
que
82%
qui
82%
Qui
82%
se
82%
ai
73%
bien
73%
Ce
73%
ce
73%
me
73%
on
73%
On
73%
plus
73%
son
73%
bout
64%
dans
64%
en
64%
En
64%
est
64%
et
64%
loin
64%
mon
64%
pas
64%
ta
64%
Te
64%
te
64%
un
64%
do
55%
Du
55%
moins
55%
nez
55%
nous
55%
par
55%
peau
55%
pour
55%
sous
55%
suis
55%
sur
55%
touché
55%
ceux
45%
femme
45%
je
45%
Je
45%
mes
45%
mi
45%
mieux
45%
quand
45%
45%
Si
45%
si
45%
Tu
45%
vie
45%
Y'
45%
bas
36%
car
36%
comme
36%
faire
36%
fois
36%
Ils
36%
jusqu'
36%
Mais
36%
matin
36%
ont
36%
pêche
36%
sans
36%
tes
36%
va
36%
assez
27%
avec
27%
cette
27%
chaque
27%
essence
27%
fais
27%
frisons
27%
isole
27%
jamais
27%
J'irais
27%
klaxonner
27%
laisses
27%
miserait
27%
monde
27%
oiseaux
27%
pire
27%
pis
27%
Puis
27%
rouler
27%
seul
27%
sol
27%
Tous
27%
zéro
27%
aime
18%
Autant
18%
avoir
18%
blasé
18%
bloquent
18%
bonne
18%
brassé
18%
chanson
18%
choix
18%
collision
18%
dérision
18%
dis
18%
dix
18%
encore
18%
fin
18%
frappé
18%
huile
18%
issue
18%
juste
18%
Lyrics
18%
maléfice
18%
médaille
18%
murs
18%
nul
18%
olive
18%
pain
18%
patience
18%
peut
18%
plein
18%
poils
18%
possède
18%
rappe
18%
redémarre
18%
retrouvé
18%
revers
18%
sens
18%
spectacle
18%
suive
18%
taisent
18%
tant
18%
telle
18%
ton
18%
Tourne
18%
tout
18%
trouve
18%
Viens
18%
vont
18%
après
9%
arrive
9%
bison
9%
brisons
9%
brochettes
9%
caniche
9%
chapitres
9%
connaîtras
9%
daisy
9%
démissionnent
9%
demi-tour
9%
deux
9%
dizaine
9%
Dont
9%
échapper
9%
écoutes
9%
emblème
9%
enchaîne
9%
faisant
9%
gauche
9%
histoire
9%
la vitesse
9%
l'offre
9%
marionnettes
9%
mi-chemin
9%
nain
9%
obstacles
9%
page
9%
problèmes
9%
Recommences
9%
rentré
9%
rêvent
9%
tartes
9%
tigre
9%
truc
9%
tué
9%
type
9%
uppercut
9%
action
0%
Amène
0%
année
0%
apaisants
0%
Aucun
0%
avais
0%
Avances
0%
blé
0%
but
0%
crochet
0%
cuivres
0%
Dame
0%
date
0%
déconnes
0%
destination
0%
dois
0%
écriture
0%
entasser
0%
entendu
0%
esquive
0%
étudie
0%
Fais-toi
0%
feintes
0%
ferai
0%
fixé
0%
guitares
0%
hélas
0%
indique
0%
kiffer
0%
laisses-les
0%
laisses-moi
0%
minutes
0%
panneaux
0%
parts
0%
passion
0%
plaisir
0%
plan
0%
potion
0%
prochaine
0%
profs
0%
projets
0%
raccourci
0%
rire
0%
sauver
0%
serais
0%
tonnes
0%
tuer
0%
vanter
0%
victoire
0%
viser
0%
vison
0%
Aucun quiz correspondant
Distribution des résultats
% des personnes avec chaque résultat
Percentile par nombre de réponses
Votre historique - résultats
Vous n’avez pas pris ce quiz